Score 0/16 Timer 03:00
0 Plays Today
% Correct
Gladiator
95.8%
Wings
95.8%
Crash
95.1%
Godfather
95.1%
Unforgiven
95.1%
Apartment
94.5%
Departed
94.5%
Sting
94.3%
% Correct
Artist
94.3%
Moonlight
92.1%
Platoon
91.4%
Cavalcade
90.1%
Spotlight
88.8%
Hamlet
87.4%
Rocky
87%
Titanic
84.9%
Remove Ads.
Support Sporcle.
Get the best of Sporcle when you Go Orange. This ad-free experience offers more features, more stats, and more fun while also helping to support Sporcle. Thank you for becoming a member.

You're not logged in!

Compare scores with friends on all Sporcle quizzes.
OR
Log In

Sporcle TV

Today on Sporcle TV


Watch our educational content, quiz creation guides, and fun videos on Sporcle TV.

Show Comments

Extras

Top Quizzes Today


Score Distribution

Paid Content

Your Account Isn't Verified!

In order to create a playlist on Sporcle, you need to verify the email address you used during registration. Go to your Sporcle Settings to finish the process.

Report this User

Report this user for behavior that violates our Community Guidelines.

Details: